00000000nam##2200000za#4500
0019.636956
003CaOODSP
00520260106135603
007cr |||||||||||
008150407|2009||||xxc|||||o    f|0| 0 fre|d
020 |a978-1-100-92802-9
040 |aCaOODSP|bfre
043 |an-cn---
0861 |aM154-34/2009F-PDF
1102 |aCentre de la technologie de l'énergie de CANMET (Canada)
24513|aLa R-D nouvelle au Canada sur les techniques d'hydro-électricité : |h[ressource électronique]|bune stratégie pour 2007 à 2011 / |cpréparé par Ressources naturelles Canada, Groupe d'énergie hydraulique, CanmetÉNERGIE-Ottawa.
260 |aOttawa - Ontario : |bRessources naturelles Canada. |cDécembre 2007, c2009.
300 |a57p.|bréférences, tableaux
590 |a09-44|b2009-10-30
69107|aÉlectricité|2gcpds
77508|tEmerging hydropower technologies R&D in Canada : |w(CaOODSP)9.692741
85640|ahttp://publications.gc.ca|qPDF|s1597 Ko|uhttps://publications.gc.ca/collections/collection_2009/nrcan/M154-34-2009F.pdf